Recuento.

Saved in:
Bibliographic Details
Main Author: Goytisolo, Luis, 1935-
Format: Book
Language:Spanish
Published: Barcelona : Seix Barral, 1973.
Series:Biblioteca breve (Editorial Seix Barral) ; 356
LEADER 00700nam a22001931 4500
001 c000200877
003 CARM
005 20021125001900.0
008 851113s1973 sp 1 spa d
019 1 |a 8802325  |z 4117571  |5 LACONCORD2021 
035 |a (OCoLC)1983126  |5 LACONCORD2021 
100 1 |a Goytisolo, Luis,  |d 1935- 
245 1 0 |a Recuento. 
260 |a Barcelona :  |b Seix Barral,  |c 1973. 
440 0 |a Biblioteca breve (Editorial Seix Barral) ;  |v 356 
852 8 |b CARM  |h A2:AK27G0  |i A02986  |p 0285096  |f BK 
082 0 4 |a 863.6 
999 f f |i 220c7800-b43e-53df-a5a4-77c4a49d3c48  |s 27b2bae7-d90f-5354-8277-c7f86bc09dff 
952 f f |p Can circulate  |a CAVAL  |b CAVAL  |c CAVAL  |d CARM 1 Store  |e A02986  |f A2:AK27G0  |h Other scheme  |i book  |m 0285096